000 00851nas a2200301 4500
001 BR2010000285
003 BR-BrBNA
005 20231205113827.0
007 ta
008 230509b bl.|||p| |||| 00| 00por d
040 _aBR-BrBNA
_bpor
_cBiblioteca Nacional de Agricultura
041 _a(Pt)
072 _aJ11
100 1 _aSteffens, C.A.
100 1 _aAmarante, C.V.T. do
100 1 _aAlves, E. de O.
100 1 _aTanaka, H.
100 1 _aBrackmann, A.
100 1 _aBoth, V.
245 1 _aArmazenamento de ameixas "Laetilia" em atmosfera modificada
650 _aAMEIXA
650 _aARMAZENAMENTO
650 _aPÓS-COLHEITA
650 _aQUALIDADE
773 0 _tCiência Rural (Brazil)
_xISSN 0103-8478
_g(Dec 2009), v. 39(9) p. 2439-2444
_wBR2010000285
909 _a202311
_bLúcia
_c55
_dLúcia Elande
942 _2AGRIS
_n0
_cANA
999 _c205829
_d205829